Yhdyssanat - Statistics

Yleistilastot
  • Tätä visaa on pelattu 85 kertaa
  • Keskiarvotulos 7 / 10
Vastaustilastot
Kysymys Vastaus % Oikein
Mikä näistä on oikea tapa kirjoittaa sanat? Rata-auto
95%
Mikä näistä on oikea tapa kirjoittaa sanat? Suomenkielinen
82%
Mikä näistä on oikea tapa kirjoittaa sanat? Niin kuin
77%
Mikä näistä on oikea tapa kirjoittaa sanat? Netflix-huppari
73%
Mikä näistä on oikea tapa kirjoittaa sanat? Samanaikaisesti
73%
Mikä näistä on oikea tapa kirjoittaa sanat? Suomen kieli
73%
Mikä näistä on oikea tapa kirjoittaa sanat? Benelux-maat
68%
Mikä näistä on oikea tapa kirjoittaa sanat? Siellä päin
64%
Mikä näistä on oikea tapa kirjoittaa sanat? Jälkeenjäänyt
45%
Mikä näistä on oikea tapa kirjoittaa sanat? Kaikin puolin
32%
Ehtoja vastaavia visoja ei löytynyt
Tulosjakauma
Jokaisen tuloksen saaneiden osuus
Persentiili vastausten määrän mukaan
Tuloshistoriasi
Et ole pelannut tätä visaa